| 000 | 00365nam a2200133Ia 4500 | ||
|---|---|---|---|
| 008 | 191014s9999 xx 000 0 und d | ||
| 020 | _a9971-966-16-6 | ||
| 082 |
_a516.362 _bYAN |
||
| 100 |
_ak Yano & M Kon _920329 |
||
| 245 | 0 | _aStructures on Manifolds Volume 3 | |
| 260 |
_aSingapore _bWorld Scientific Publishing Co, _c1984 |
||
| 300 | _aIx,508 | ||
| 942 | _cBK | ||
| 999 |
_c530901 _d530901 |
||